• 首页
  • 本馆介绍
  • 公告通知
  • 最新文献
  • 馆藏检索
  • 电子资源
  • 读者导购
  • 参考咨询
  • 我的图书馆
  • 登录
  • 详细信息显示
  • 放入我的书架
  • 预约/预借图书
  • 作者相关作品
  • 分类相关作品
  • 丛书相关作品
  • 出版社相关作品

书目信息

  • 表格格式
  • 工作单格式
  • 卡片格式
题名:
体育史话
    
 
作者: 王凯 编撰
分册:  
出版信息: 北京   中国大百科全书出版社  2009
页数: 99页
开本: 23cm
丛书名: 《中华文明史话》彩图普及丛书
单 册:
中图分类: G812.92
科图分类:
主题词: 体育运动史--中国--古代 , 体育运动史
电子资源:
ISBN: 978-7-5000-8108-1
000 00847oam2 2200265 45
001 1130161422
005 20110309093451.75
010    @a978-7-5000-8108-1@dCNY18.00
100    @a20110108e20102009em y0chiy50 ea
101 0  @achi
102    @aCN@b110000
105    @aa z 000yy
106    @ar
200 1  @a体育史话@ATi Yu Shi Hua@f王凯编撰@FWang Kai Bian Zhuan
210    @a北京@c中国大百科全书出版社@d2009@h2010
215    @a99页@c图@d23cm
225 2  @a《中华文明史话》彩图普及丛书
330    @a本书内容包括:先秦体育、秦汉体育、魏普南北朝体育、唐代体育、两宋体育、辽金元体育、明清体育等。
461  0 @12001 @a《中华文明史话》彩图普及丛书
606 0  @a体育运动史@y中国@z古代
606 0  @a体育运动史
690    @aG812.92@v4
701  0 @a王凯@AWang Kai@4编撰
801  0 @aCN@bTANGWEI@c20110309
905    @b0529984-87@dG812.92@e55@f4
    
    体育史话/王凯编撰.-北京:中国大百科全书出版社,2009(2010)
    99页:图;23cm.-(《中华文明史话》彩图普及丛书)
    
    
    ISBN 978-7-5000-8108-1:CNY18.00
    本书内容包括:先秦体育、秦汉体育、魏普南北朝体育、唐代体育、两宋体育、辽金元体育、明清体育等。
●
相关链接 在E读中查询图书 在五车中查询图书 在当当中查询图书 在豆瓣中查询图书


正题名:体育史话     索取号:G812.92/55         预约/预借

序号 登录号 条形码 馆藏地/架位号 状态 备注
1 0529984   205299844   第一样本阅览室/ [索取号:G812.92/55] 在馆    
2 0529985   205299853   第四借阅区/ [索取号:G812.92/55] 在馆    
3 0529986   205299862   密集书库-体育系/ [索取号:G812.92/55] 在馆    
4 0529987   205299871   第四借阅区/ [索取号:G812.92/55] 在馆    
唐山师范学院图书馆 欢迎您!
大连网信软件有限公司© 版权所有